History of economic thought (Record no. 6184)

MARC details
000 -LEADER
fixed length control field 00479cam a2200205ua 4500
001 - CONTROL NUMBER
control field 7060
005 - DATE AND TIME OF LATEST TRANSACTION
control field 20260515114140.0
008 - FIXED-LENGTH DATA ELEMENTS--GENERAL INFORMATION
fixed length control field 141122n ii |||gr||||Z||||||eng
020 ## - INTERNATIONAL STANDARD BOOK NUMBER
International Standard Book Number 8176630500
040 ## - CATALOGING SOURCE
Transcribing agency MAIN
041 ## - LANGUAGE CODE
Language code of text/sound track or separate title eng
082 ## - DEWEY DECIMAL CLASSIFICATION NUMBER
Classification number 330
100 ## - MAIN ENTRY--PERSONAL NAME
Personal name Paul, R.R.,
Relator term Author.
245 1# - TITLE STATEMENT
Title History of economic thought
Statement of responsibility, etc. By R.R. Paul
250 ## - EDITION STATEMENT
Edition statement 5th rev.
260 ## - PUBLICATION, DISTRIBUTION, ETC.
Place of publication, distribution, etc. NewDelhi:
Name of publisher, distributor, etc. Kalyani,
Date of publication, distribution, etc. 2005.
300 ## - PHYSICAL DESCRIPTION
Extent 637p.
653 ## - INDEX TERM--UNCONTROLLED
Uncontrolled term Historical economics
942 ## - ADDED ENTRY ELEMENTS (KOHA)
Koha item type Books
Holdings
Withdrawn status Lost status Damaged status Not for loan Home library Current library Shelving location Date acquired Total checkouts Full call number Barcode Date last seen Date last checked out Copy number Price effective from Koha item type
        Naharkatiya College Library Naharkatiya College Library General stacks 09/19/2020 1 330.1508 | PAU 17940 02/02/2021 01/27/2021 1 09/19/2020 Books